000 00477nam a2200193Ia 4500
005 20250423095144.0
008 250422s9999 xx 000 0 und d
020 _a0-13-119085-7
050 _aTK 4035.A35 .M329/
100 _aMahoney Edward f
245 0 _aElectricity, Electronics, and Wiring Diagrams for HVAC/R
250 _a2nd ed.
260 _aOhio
260 _bPearson Education
260 _c2006
300 _a441 p
650 _aElectronics
942 _cBK
999 _c29408
_d29408